film che iniziano per T - Statistics

Statistiche generali
  • Questo quiz è stato fatto 127 volte
  • Il punteggio medio è 12 su 20
Statistiche sulle risposte
Descrizione Film % Corretto
Un umile artista e una giovane aristocratica si incontrano a bordo di un leggendario transatlantico durante il suo viaggio inaugurale nel 1912. Titanic
99%
Un ragazzo orfano allevato nella giungla da una tribù di scimmie, incontra un'esploratrice che lo mette di fronte alla sua umanità. Tarzan
85%
Il principe Paride rapisce Elena. Quest'azione scatena una leggendaria guerra tra greci e troiani. Troy
85%
Un giovane umano si ritrova coinvolto nella battaglia tra due razze di robot extraterrestri che si tramutano in veicoli. Transformers
78%
Un veterano del Vietnam, per combattere la solitudine, inizia a lavorare come tassista, ma diviene sempre più ossessionato dal voler ripulire New York dalla criminalità. Taxi Driver
74%
La vita di un broker della borsa di New York che raggiunge il successo e la ricchezza attraverso pratiche commerciali disoneste e frodi finanziarie. The Wolf of Wall Street
72%
Un giovane viene selezionato in una prestigiosa scuola di addestramento per i migliori piloti di caccia. Top Gun
72%
Un cyborg assassino viene inviato dal futuro per eliminare una giovane donna destinata a diventare la madre di un suo futuro nemico. Terminator
70%
Tre amici intraprendono un esilarante viaggio per portare un insolito oggetto in legno al suocero in un'altra città. Tre uomini e una gamba
69%
Un uomo comune vive nella cittadina perfetta di Seahaven, un giorno comincia a notare delle anomalie sull'ambiente e le persone che lo circondano. The Truman Show
66%
Chiunque guardi una misteriosa videocassetta, dopo sette giorni, muore ucciso da una tenebrosa ragazzina. The Ring
63%
Il figlio del re degli dèi norreni viene esiliato dal padre sulla Terra, nel mentre il fratellastro trama nell'ombra per usurpare il trono. Thor
63%
La vita di un cowboy viene stravolta dall'arrivo di un astronauta Toy Story
60%
Le sfide, le relazioni e le conseguenze delle scelte effettuate di un gruppo di amici eroinomani nella Edimburgo degli anni '80. Trainspotting
41%
Un ragazzo estremamente povero partecipa ad un popolare quiz show. Le sue tragiche esperienze di vita lo aiutano a rispondere alle domande. The Millionaire
37%
Un imprenditore affronta avversità e critiche mentre cerca di realizzare il sogno di creare uno spettacolo unico e straordinario con talenti non convenzionali. The Greatest Showman
33%
il Protagonista viene introdotto a un concetto di inversione temporale, in cui gli oggetti e le persone possono muoversi all'indietro nel tempo. Tenet
32%
Un uomo decide di rintracciare la sua cotta del liceo dopo anni, ma la competizione è alta poiché la donna è corteggiata anche da altri uomini. Tutti pazzi per Mary
25%
Due donne, in viaggio per un weekend, rimangono coinvolte in un omicidio che le costringe a una rocambolesca fuga dalla legge. Thelma & Louise
21%
Un attore disoccupato, per ottenere un ruolo in una soap opera, decide di travestirsi da donna, adottando l'identità di Dorothy Michaels. Tootsie
20%
Nessun quiz corrispondente trovato
Distribuzione punteggi
Percentuale di utenti per punteggio
Percentile per numero di risposta
I tuoi punteggi nel tempo
Non hai fatto questo quiz